Open Data Biblioteca Nacional de Portugal


República Portuguesa: Ministério da Cultura
Biblioteca Nacional de Portugal

Catálogo da BNP: acesso por Identificadores Unívocos
Registos Bibliográficos associados ao registo de autoridade

Etiqueta de registo: 00000nkm 2200025 450
001 2258751
003 http://id.bnportugal.gov.pt/bib/catbnp/2258751
100 ## $a20260202d1989 m y0pory01030103ba
101 0# $apor
102 ## $aPT
200 1# $aViver melhor numa Europa social, 3.º Encontro de Sindicalistas, Lisboa-Madrid, Lisboa, 27-29 out 1989$bVisual gráfico]$fUSL - CGTP-IN, CCOO - USMR
210 #9 $a[S.l.]$cUSL - CGTP-IN, CCOO - USMR,$d1989
215 ## $a1 cartaz$ccolor.$d67,7x47,8 cm
317 ## $aColeção Madeira Luís
675 ## $a766(=1:469)"1989"(084.5)$vBN$zpor$31802165
710 02 $aEncontro de Sindicalistas,$d3,$eLisboa,$f1989$31982820
711 02 $aUnião dos Sindicatos de Lisboa$3208202
711 02 $aCGTP-IN$34741
711 02 $aCCOO - Comisiones Obreras$31982822
711 02 $aUSMR - Unión Sindical de Madrid Región$31982824
801 #0 $aPT$bBN$gRPC
966 ## $lBN$mICONOG$sCT. 19166 A.$x3
971 ## $cCaticonografia5$d20260202
995 ## $aPRR2026 $d20260202$iCaticonografia5

Etiqueta de registo: 00000nkm 2200025 450
001 2275047
003 http://id.bnportugal.gov.pt/bib/catbnp/2275047
100 ## $a20260303f1984 m y0pory01030103ba
101 0# $apor
102 ## $aPT
200 1# $aJornada Internacional de Acções Sindicais pela Paz, 1 de setembro$bVisual gráfico]$fUSL, CGTP-IN, CCOO
210 #9 $aLisboa$cUSL, CGTP-IN,$d[1984?]
215 ## $a1 cartaz$ccolor.$d57,3X41,2 cm
306 ## $aDatação em conformidade com as características formais do documento
317 ## $aColeção Madeira Luís
710 02 $aUSL/ CGTP - IN$31985844
711 02 $aCCOO - Comisiones Obreras$31982822
801 #0 $aPT$bBN$gRPC
966 ## $lBN$mICONOG$sCT. 24314 A.$x3
971 ## $cCaticonografia1$d20260303
995 ## $aPRR2026

Etiqueta de registo: 00000nkm 2200025 450
001 2278198
003 http://id.bnportugal.gov.pt/bib/catbnp/2278198
100 ## $a20260309f1982 m y0pory01030103ba
101 0# $aesp
200 1# $aElecciones Sindicales en la Administracion Publica$bVisual gráfico]$fFederacion Sindical de la Administracion Publica, CCOO
210 #9 $aMadrid$cFederacion Sindical de la Administracion Publica,$d[1982?]
215 ## $a1 cartaz$ccolor.$d62,8x43 cm
306 ## $aDatação em conformidade com o evento anunciado
317 ## $aColeção Madeira Luís
710 02 $aFederacion Sindical de la Administracion Publica$31989980
711 02 $aCCOO - Comisiones Obreras$31982822
801 #0 $aPT$bBN$gRPC
966 ## $lBN$mICONOG$sCT. 24058 A.$x3
971 ## $cCaticonografia2$d20260309
995 ## $aPRR2026

OpendataBNP@bnportugal.pt | Mais informação sobre acesso aos dados BNP